[Event "EU-ch 15th"]
[Site "Yerevan"]
[Date "2014.03.13"]
[Round "10"]
[White "Matevosyan, Sedrak"]
[Black "Hakobyan, Aram"]
[Result "0-1"]
[WhiteElo "2213"]
[BlackElo "2103"]
[PlyCount "119"]
[EventDate "2014.03.03"]
[EventType "swiss"]
[EventRounds "11"]
[EventCountry "ARM"]
[SourceTitle "CBM 160"]
[Source "ChessBase"]
[SourceDate "2014.05.15"]
[SourceVersion "1"]
[SourceVersionDate "2014.05.15"]
[SourceQuality "1"]

1. c4 e6 2. g3 Nf6 3. Bg2 c5 4. Nf3 a6 5. 0-0 Qc7 6. Nc3 Be7 7. b3 b6 8. Bb2 Bb7 9. Re1 0-0 10. e4 d6 11. d4 cxd4 12. Nxd4 Nbd7 13. Rc1 Rac8 14. f4 Qb8 15. e5 dxe5 16. fxe5 Ne8 17. Bxb7 Qxb7 18. Nf3 b5 19. cxb5 axb5 20. Qe2 Nxe5 21. Qxe5 Qxf3 22. Nxb5 Rxc1 23. Bxc1 Nf6 24. Qe2 Qd5 25. Be3 Rc8 26. Rd1 Qe4 27. Qd3 Qf3 28. Nd4 Qh5 29. Kg2 Rd8 30. Bg1 e5 31. Re1 Bc5 32. Qf5 Bxd4 33. Qxh5 Nxh5 34. a4 f5 35. b4 Nf6 36. b5 Ra8 37. Bxd4 exd4 38. Ra1 Nd5 39. a5 d3 40. Kf2 Kf7 41. Ke1 Ne3 42. b6 Rxa5 43. Rxa5 d2+ 44. Kxd2 Nc4+ 45. Kd3 Nxa5 46. Kd4 Ke6 47. Kd3 g5 48. Kd4 Nb7 49. Ke3 Ke5 50. Kf3 h5 51. Ke3 g4 52. Kd3 f4 53. gxf4+ Kxf4 54. Ke2 h4 55. Kf2 Nc5 56. Kg2 Ke3 57. Kf1 Kf3 58. Kg1 g3 59. hxg3 hxg3 60. Kf1 0-1